[Event "Challenge"]
[Site "http://www.queenalice.com/game.php?id=68627"]
[Date "2006.5.12"]
[Round "-"]
[White "azumi"]
[Black "Olenka"]
[Result "0-1"]
[WhiteElo "1481"]
[BlackElo "1459"]

1. d4 f5 2. Bf4 Nf6 3. Nc3 d5 4. Nf3 c6 5. e3 e6 6. Bxb8 Rxb8 7. h3 Bb4 8. Bd3
Ne4 9. Bxe4 fxe4 10. Ne5 O-O 11. O-O Bd6 12. f4 Bd7 13. Qg4 Bxe5 14. fxe5 Qe7
15. Rf4 Rxf4 16. Qxf4 Rf8 17. Qg3 Kh8 18. Rf1 Rxf1+ 19. Kxf1 Qf7+ 20. Qf2 Qxf2+
21. Kxf2 g5 22. Kg3 Kg7 23. h4 h6 24. Kg4 Kg6 25. h5+ Kg7 26. Na4 b6 27. b4 c5
0-1

[Event "Let's Play Chess!"]
[Site "http://www.queenalice.com/game.php?id=1560146"]
[Date "2019.2.8"]
[Round "-"]
[White "Olenka"]
[Black "Bigchess"]
[Result "1-0"]
[WhiteElo "1512"]
[BlackElo "1817"]

1. e4 d6 2. d4 e6 3. Nf3 Nc6 4. c4 Nf6 5. Nc3 Be7 6. Bd3 O-O 7. O-O e5 8. d5 Nb8
9. h3 Bd7 10. Be3 c5 11. Nd2 Na6 12. a3 Nc7 13. b4 cxb4 14. axb4 b6 15. f4 exf4
16. Bxf4 a5 17. b5 Qc8 18. Qf3 Rd8 19. Na4 Qb7 20. Be3 Nce8 21. Nxb6 Rab8 22.
Rxa5 g6 23. Rfa1 Qc7 24. Ra7 Rb7 25. Rxb7 1-0

[Event "Let's Play G-38"]
[Site "http://www.queenalice.com/game.php?id=1560731"]
[Date "2019.2.17"]
[Round "-"]
[White "Olenka"]
[Black "Rider"]
[Result "1-0"]
[WhiteElo "1590"]
[BlackElo "1632"]

1. e4 e5 2. Nf3 d6 3. d4 Qf6 4. Nc3 Nc6 5. Nd5 Qd8 6. c3 f6 7. Bd3 Bg4 8. Be2
Qd7 9. Ne3 Bh5 10. d5 Nce7 11. Nxe5 fxe5 12. Bxh5+ g6 13. Bg4 Qb5 14. a4 Qc5 15.
O-O h5 16. Be6 Nf6 17. Qc2 c6 18. b4 Qb6 19. Nc4 Qc7 20. f4 exf4 21. Bxf4 h4 22.
Nxd6+ Kd8 23. Nf7+ Ke8 24. Bxc7 Rh5 25. Nd6# 1-0

[Event "Let's Play Chess!"]
[Site "http://www.queenalice.com/game.php?id=1561186"]
[Date "2019.2.17"]
[Round "-"]
[White "igorjava"]
[Black "Olenka"]
[Result "0-1"]
[WhiteElo "1984"]
[BlackElo "1667"]

1. e4 d5 2. exd5 Nf6 3. c4 c6 4. dxc6 Nxc6 5. Nf3 e5 6. d3 e4 7. dxe4 Qxd1+ 8.
Kxd1 Nxe4 9. Be3 Bf5 10. a3 O-O-O+ 11. Ke1 Bc5 12. Bxc5 Nxc5 13. Nc3 Rhe8+ 14.
Be2 Nd3+ 15. Kf1 Nxb2 16. Nd5 f6 17. a4 Na5 18. Ne3 Be4 19. Rg1 Kb8 20. c5 Nd3
21. Rd1 Nxc5 22. Nd2 Bc6 23. Ndc4 Rxd1+ 24. Bxd1 Nxc4 25. Nxc4 Nxa4 26. Ne3 Nc3
27. Bf3 Kc7 28. Bxc6 Kxc6 29. Ke1 Rd8 30. f3 b5 31. g4 a5 32. Rg2 b4 33. Rd2
Rxd2 34. Kxd2 Kc5 35. h4 a4 36. f4 Nd5 37. Nf5 g6 38. Ng3 b3 39. f5 gxf5 40.
Nxf5 a3 41. Kc1 Nc3 42. Ne3 b2+ 43. Kc2 b1=Q+ 0-1

[Event "cade ? as mulheres"]
[Site "http://www.queenalice.com/game.php?id=1564397"]
[Date "2019.3.16"]
[Round "-"]
[White "Olenka"]
[Black "Olavio"]
[Result "1-0"]
[WhiteElo "1634"]
[BlackElo "1592"]

1. e4 e5 2. Nf3 Bc5 3. Bc4 Nh6 4. Nxe5 d5 5. exd5 Bxf2+ 6. Kxf2 Qh4+ 7. g3 Qd4+
8. Kg2 O-O 9. Re1 Nd7 10. c3 Qb6 11. d4 Nxe5 12. dxe5 Ng4 13. Qf3 Qg6 14. Na3
Qh5 15. h3 Ne3+ 16. Rxe3 Bxh3+ 17. Kg1 Bg4 18. Qf2 Rae8 19. Qh2 Qf5 20. Bd3 Qd7
21. Qxh7# 1-0

[Event "uma cor de cada"]
[Site "http://www.queenalice.com/game.php?id=1564473"]
[Date "2019.3.16"]
[Round "-"]
[White "Olavio"]
[Black "Olenka"]
[Result "0-1"]
[WhiteElo "1596"]
[BlackElo "1726"]

1. e4 d5 2. c3 dxe4 3. Qa4+ Nc6 4. Qxe4 Nf6 5. Qa4 e5 6. Bb5 Bd7 7. Nf3 Bd6 8.
Ng5 O-O 9. Bd3 Nb4 10. Bxh7+ Nxh7 11. Qb3 Nd3+ 12. Kf1 Nxc1 13. Qc2 Qxg5 14.
Qxc1 Bc6 15. Rg1 f5 16. b4 e4 17. Qd1 Bb5+ 18. Ke1 Kh8 19. g4 f4 20. a4 Bd3 21.
Na3 Qh4 22. Rh1 Ng5 23. Nc2 Nf3+ 24. Qxf3 exf3 25. Nd4 Rae8+ 26. Kd1 Qxf2 27.
Ra2 Qg2 28. Re1 Rxe1+ 29. Kxe1 Qg1# 0-1

[Event "Let's Play Chess!"]
[Site "http://www.queenalice.com/game.php?id=1569758"]
[Date "2019.5.4"]
[Round "-"]
[White "Olenka"]
[Black "dave_j"]
[Result "1-0"]
[WhiteElo "1775"]
[BlackElo "1557"]

1. d4 d5 2. Nf3 Nf6 3. c4 c6 4. e3 Bg4 5. h3 Bxf3 6. Qxf3 Nbd7 7. Nc3 e6 8. Bd3
Be7 9. O-O e5 10. cxd5 cxd5 11. Nxd5 Bd6 12. Nxf6+ gxf6 13. Bd2 Qb6 14. Bc3 Rg8
15. Bf5 O-O-O 16. Bxd7+ Rxd7 17. Qxf6 exd4 18. Bxd4 Qb5 19. Rac1+ Kb8 20. Kh1
Qd5 21. Qf3 Qxf3 22. gxf3 f6 23. f4 f5 24. Bc3 Bc7 25. Rg1 Rf8 26. Rcd1 Rdf7 27.
Rg7 Rxg7 28. Bxg7 Rf7 29. Bc3 Bb6 30. Kg2 a6 31. Kf3 Ka7 32. Rd6 Bc5 33. Rf6
Rxf6 34. Bxf6 Bb4 35. Kg3 Be1 36. Bd4+ Kb8 37. Kh4 Bxf2+ 38. Kg5 Kc8 39. Kxf5
Kd8 40. Kf6 h5 41. Kf7 h4 42. f5 Be1 43. f6 Bb4 44. e4 b5 45. e5 1-0

[Event "Let's Play Chess!"]
[Site "http://www.queenalice.com/game.php?id=1569759"]
[Date "2019.5.5"]
[Round "-"]
[White "ulisses34"]
[Black "Olenka"]
[Result "0-1"]
[WhiteElo "1733"]
[BlackElo "1747"]

1. e4 e6 2. d4 d5 3. e5 c5 4. Ne2 Nc6 5. c3 f6 6. Nd2 fxe5 7. dxe5 Nxe5 8. Qc2
Nf6 9. Ng3 Be7 10. Be2 O-O 11. Nf3 Nxf3+ 12. Bxf3 e5 13. Nf5 e4 14. Nxe7+ Qxe7
15. Be2 d4 16. cxd4 cxd4 17. Bc4+ Kh8 18. O-O Bf5 19. Qb3 Qc7 20. Bd2 Ng4 21. g3
Ne5 22. Be2 Bh3 23. Rfc1 Qd7 24. Bb5 Qf5 25. Be1 e3 26. f4 Qe4 27. Qc2 d3 0-1

[Event "Let's Play Chess!"]
[Site "http://www.queenalice.com/game.php?id=1571201"]
[Date "2019.5.18"]
[Round "-"]
[White "Olenka"]
[Black "igorjava"]
[Result "1-0"]
[WhiteElo "1869"]
[BlackElo "2070"]

1. d4 e6 2. Nf3 d5 3. c4 Bb4+ 4. Nbd2 Nc6 5. Qc2 Nf6 6. e3 Ne4 7. a3 Bxd2+ 8.
Bxd2 Nxd2 9. Qxd2 O-O 10. Qc2 Ne7 11. Bd3 c6 12. Bxh7+ Kh8 13. Bd3 a6 14. O-O f5
15. Ne5 Qe8 16. f4 Ng6 17. Nf3 Ne7 18. Ng5 g6 19. Rf3 Kg7 20. Rh3 Rh8 21. Rxh8
Qxh8 22. Rf1 Bd7 23. Rf3 Ng8 24. Rh3 Nh6 25. Qf2 Qg8 26. Qh4 Nf7 27. Qh7+ Qxh7
28. Rxh7+ Kf8 29. Rxf7+ Ke8 30. Rg7 Kd8 31. Rxg6 Ke7 32. Rg7+ Kd8 33. Rg8+ Be8
34. Nxe6+ Kd7 35. Bxf5 dxc4 36. Ng7+ Ke7 37. Rxe8+ Rxe8 38. Nxe8 Kxe8 39. g4 b6
40. h4 Ke7 41. g5 Kd6 42. h5 c5 43. h6 cxd4 44. exd4 Kd5 45. h7 1-0

[Event "Let's Play Chess!"]
[Site "http://www.queenalice.com/game.php?id=1571947"]
[Date "2019.5.23"]
[Round "-"]
[White "Olenka"]
[Black "E5150"]
[Result "1-0"]
[WhiteElo "1958"]
[BlackElo "2219"]

1. Nf3 c5 2. c4 Nc6 3. Nc3 e5 4. g3 Nf6 5. Bg2 h6 6. O-O d6 7. Ne1 Be7 8. Nc2
Be6 9. d3 O-O 10. Ne3 Qd7 11. Bd2 Nd4 12. a3 b5 13. Bxa8 Rxa8 14. f3 Bh3 15. Rf2
a5 16. Ncd5 Qb7 17. Nxf6+ Bxf6 18. Nd5 Bg5 19. e3 bxc4 20. dxc4 Nb3 21. f4 exf4
22. exf4 Bf6 23. Qf3 Kf8 24. Re1 Be6 25. Qe4 Bxd5 26. Qh7 Be6 27. Bc3 Bd4 28.
Bxd4 Nxd4 29. f5 Nxf5 30. Rxf5 Qc8 31. Qh8+ Ke7 32. Qxg7 Qg8 33. Qxh6 Qg6 34.
Qxg6 fxg6 35. Rf4 Kd7 36. g4 g5 37. Rfe4 Re8 38. Kf2 Rf8+ 39. Kg3 Bg8 40. Re7+
Kc6 41. b3 a4 42. Re8 Rxe8 43. Rxe8 Bf7 44. Re7 Bg6 45. Re3 axb3 46. Rxb3 Bf7
47. Rc3 d5 48. Rf3 Be6 49. Rf6 Kd6 50. cxd5 Kxd5 51. Rg6 c4 52. Kf3 Ke5 53.
Rxe6+ Kxe6 54. Ke4 c3 55. Kd3 Ke5 56. Kxc3 Kf4 57. a4 Kxg4 58. a5 Kh3 59. a6
Kxh2 60. a7 g4 61. a8=Q g3 62. Qh8+ Kg2 63. Kd3 Kf3 64. Qf6+ Kg2 65. Ke3 Kh1 66.
Qh4+ 1-0

[Event "Let's Play Chess!"]
[Site "http://www.queenalice.com/game.php?id=1572079"]
[Date "2019.5.24"]
[Round "-"]
[White "josebaron"]
[Black "Olenka"]
[Result "0-1"]
[WhiteElo "1987"]
[BlackElo "1787"]

1. e4 d5 2. exd5 Nf6 3. d4 Bg4 4. Be2 Bxe2 5. Nxe2 Qxd5 6. O-O Nc6 7. c3 O-O-O
8. Qb3 e6 9. Nf4 Qf5 10. Be3 Bd6 11. Ne2 h5 12. h3 g5 13. Ng3 Qg6 14. Nd2 h4 15.
Nc4 hxg3 16. Nxd6+ Rxd6 17. fxg3 Nd5 18. Bd2 Qd3 19. Bxg5 Qxg3 20. h4 f6 21. Rf3
Qg4 22. Qd1 e5 23. dxe5 Nxe5 24. Rxf6 Nxf6 25. Qxg4+ Nexg4 26. Re1 Re8 27. Rxe8+
Nxe8 28. g3 Rd3 29. Kg2 Ng7 30. Bf4 Nh5 31. a4 Nxf4+ 32. Kf1 Rxg3 0-1

[Event "Let's Play Chess!"]
[Site "http://www.queenalice.com/game.php?id=1573513"]
[Date "2019.6.6"]
[Round "-"]
[White "Olenka"]
[Black "marcomasao"]
[Result "1-0"]
[WhiteElo "1824"]
[BlackElo "1956"]

1. d4 d5 2. Nf3 Bf5 3. c4 dxc4 4. Nc3 Nf6 5. Ne5 Nc6 6. Qa4 Qd6 7. Nb5 Qd8 8.
Nxc6 bxc6 9. Nc3 Qd7 10. Qxc4 e6 11. g3 Bd6 12. Bg2 h6 13. Bxc6 O-O 14. Bxd7
Nxd7 15. e4 Bg4 16. O-O Bf3 17. Qd3 Bh5 18. f4 Bg4 19. Be3 Rab8 20. b3 c6 21.
Kg2 f6 22. Qa6 Ra8 23. h3 Bh5 24. Qxc6 Rac8 25. Qxd6 Rxc3 26. Qxd7 Rxe3 27.
Qxe6+ Kh8 28. Rae1 Rd3 29. Qc4 Rd2+ 30. Rf2 Rxf2+ 31. Kxf2 Bg6 32. d5 Bf7 33.
Qc5 Rd8 34. Qc7 Rf8 35. d6 Be6 36. Qe7 1-0

[Event "Let's Play Chess!"]
[Site "http://www.queenalice.com/game.php?id=1575219"]
[Date "2019.6.22"]
[Round "-"]
[White "Olenka"]
[Black "attib"]
[Result "1-0"]
[WhiteElo "1856"]
[BlackElo "1704"]

1. d4 d5 2. Nf3 Nc6 3. Bf4 Nf6 4. e3 Bf5 5. c4 Nb4 6. Qa4+ Nc6 7. Nc3 e6 8. Rc1
Bd6 9. Ne5 Bxe5 10. Bxe5 O-O 11. Bxf6 Qxf6 12. cxd5 Ne7 13. dxe6 fxe6 14. Be2
Bg6 15. O-O c6 16. Bf3 Bf5 17. Qb3 Rab8 18. Na4 Qg6 19. Nc5 b6 20. Nd7 Bh3 21.
Nxf8 Rxf8 22. e4 Bg4 23. Bxg4 Qxg4 24. f3 Qf4 25. Qxe6+ Qf7 26. Qxf7+ Rxf7 27.
Rfd1 1-0

[Event "Let's Play Chess!"]
[Site "http://www.queenalice.com/game.php?id=1575220"]
[Date "2019.6.22"]
[Round "-"]
[White "midknightblue"]
[Black "Olenka"]
[Result "0-1"]
[WhiteElo "1644"]
[BlackElo "1915"]

1. e4 d5 2. e5 c5 3. Bb5+ Bd7 4. Bxd7+ Qxd7 5. Nf3 Nc6 6. a3 e6 7. O-O Nge7 8.
d3 Ng6 9. Qe2 Be7 10. b3 O-O 11. Bb2 Qc7 12. a4 f6 13. exf6 Nf4 14. Qe3 Bxf6 15.
c3 d4 16. Qd2 Rad8 17. Ba3 dxc3 18. Nxc3 Rxd3 19. Qe1 Bxc3 20. Qe4 Bxa1 21. Rxa1
Qd7 22. h3 Nxh3+ 23. gxh3 Rfxf3 24. Rc1 Rxh3 25. Qf4 Qd5 26. Kf1 Rd1+ 0-1

[Event "Let's Play Chess!"]
[Site "http://www.queenalice.com/game.php?id=1575620"]
[Date "2019.6.27"]
[Round "-"]
[White "ulisses34"]
[Black "Olenka"]
[Result "0-1"]
[WhiteElo "1784"]
[BlackElo "1901"]

1. e4 e6 2. d4 d5 3. e5 c5 4. c3 Nc6 5. Nf3 Qb6 6. Na3 Bd7 7. Nb5 a6 8. Nd6+
Bxd6 9. exd6 Nf6 10. Bf4 cxd4 11. Nxd4 Nxd4 12. cxd4 Ne4 13. Qb3 Qa5+ 14. Ke2
O-O 15. a3 Rac8 16. Kf3 g5 17. Be3 f5 18. h3 f4 19. Bc1 Rxc1 0-1

[Event "Let's Play Chess!"]
[Site "http://www.queenalice.com/game.php?id=1576090"]
[Date "2019.7.3"]
[Round "-"]
[White "chessman"]
[Black "Olenka"]
[Result "0-1"]
[WhiteElo "1990"]
[BlackElo "1921"]

1. e4 d5 2. exd5 Nf6 3. Nc3 Nxd5 4. Bc4 Nb6 5. Bb3 Nc6 6. Nf3 Bf5 7. O-O e6 8.
d4 Be7 9. h3 O-O 10. Bf4 Bf6 11. Nb5 Rc8 12. c3 a6 13. Na3 Na5 14. Bc2 Bxc2 15.
Nxc2 Nd5 16. Bg3 c5 17. dxc5 Nc4 18. Ncd4 Rxc5 19. Qe2 Qd7 20. Rfc1 b5 21. a4
bxa4 22. Qc2 Ndb6 23. Rd1 Qb7 24. b3 axb3 25. Qxb3 Rd5 26. Qa2 a5 27. Qb3 Rfd8
0-1

[Event "Let's Play Chess!"]
[Site "http://www.queenalice.com/game.php?id=1576550"]
[Date "2019.7.6"]
[Round "-"]
[White "ztnilz"]
[Black "Olenka"]
[Result "0-1"]
[WhiteElo "1895"]
[BlackElo "1943"]

1. d4 e6 2. Nf3 f5 3. g3 Nf6 4. Bg2 d5 5. c3 Bd6 6. e3 O-O 7. b4 c6 8. Bb2 Nbd7
9. a4 a5 10. bxa5 Qxa5 11. O-O Nb6 12. Nbd2 Ne4 13. Re1 Nxc3 14. Qb3 Ne4 15.
Nxe4 fxe4 16. Bc3 Qa7 17. a5 Nc4 18. Nd2 Nxd2 19. Bxd2 Qb8 20. Reb1 Qc7 21. Bb4
Bxb4 22. Qxb4 e5 23. Qd2 exd4 24. exd4 Bf5 25. Rb6 Qxb6 26. axb6 Rxa1+ 27. Bf1
Bh3 0-1

[Event "Let's Play Chess!"]
[Site "http://www.queenalice.com/game.php?id=1579078"]
[Date "2019.8.1"]
[Round "-"]
[White "dave_j"]
[Black "Olenka"]
[Result "1/2-1/2"]
[WhiteElo "1613"]
[BlackElo "1986"]

1. d4 Nf6 2. Nc3 d5 3. Nf3 g6 4. e3 Bg7 5. Bd3 O-O 6. h3 c5 7. dxc5 Nbd7 8. O-O
Nxc5 9. a3 b6 10. b4 Nxd3 11. cxd3 Ne4 12. dxe4 Bxc3 13. Rb1 dxe4 14. Nd4 Bxd4
15. exd4 Qd5 16. Be3 Bb7 17. Qb3 Rfc8 18. Rfc1 Rxc1+ 19. Bxc1 Qxb3 20. Rxb3 Rc8
21. Be3 Bd5 22. Rb1 b5 23. Rc1 Bc4 24. Kh2 Rc6 25. Kg3 Ra6 26. Rc3 Kg7 27. Kf4
f5 28. h4 h5 29. Kg5 Kf7 30. Bf4 Rc6 31. g3 a6 32. Be5 Bd5 33. Rxc6 Bxc6 34. Kf4
Bd5 35. Ke3 Ke6 36. Bf4 1/2-1/2

[Event "Let's Play Chess!"]
[Site "http://www.queenalice.com/game.php?id=1579553"]
[Date "2019.8.7"]
[Round "-"]
[White "Olenka"]
[Black "alshelmany"]
[Result "1-0"]
[WhiteElo "1985"]
[BlackElo "1130"]

1. d4 Nf6 2. Nf3 g6 3. Nbd2 d5 4. e3 Bg7 5. b4 a5 6. b5 c5 7. bxc6 Nxc6 8. Bb5
Bf5 9. O-O O-O 10. Bxc6 bxc6 11. Ba3 Re8 12. Rc1 Ne4 13. Nxe4 Bxe4 14. Ne5 Qc7
15. Nd3 Bf5 16. Bc5 Reb8 17. Qd2 a4 18. a3 Bxd3 19. Qxd3 e5 20. f4 e4 21. Qd2
Bf8 22. Bxf8 Rxf8 23. c4 Qe7 24. cxd5 cxd5 25. Rc5 Rab8 26. f5 Rb3 27. Rxd5 Rxa3
28. Ra5 Qb7 29. fxg6 hxg6 30. Qf2 Qb3 31. Qf6 Qxe3+ 32. Kh1 Qh6 33. Ra7 Qg7 34.
Qc6 Qxd4 35. Raxf7 Rxf7 36. Qe8+ Kh7 37. Rxf7+ Kh6 38. Qf8+ Kh5 39. Rh7+ 1-0

[Event "Let's Play Chess!"]
[Site "http://www.queenalice.com/game.php?id=1581140"]
[Date "2019.8.24"]
[Round "-"]
[White "Olenka"]
[Black "Copelipon"]
[Result "1-0"]
[WhiteElo "1987"]
[BlackElo "1960"]

1. d4 f5 2. Bf4 Nf6 3. e3 g6 4. h4 Bg7 5. Nc3 e6 6. Be2 h6 7. Nh3 a6 8. Bg3 d6
9. Nf4 Kf7 10. Qd3 Re8 11. O-O-O d5 12. f3 c6 13. e4 g5 14. hxg5 hxg5 15. Nh3
Nh5 16. f4 gxf4 17. Bxh5+ Kg8 18. Bxf4 Rf8 19. Qg3 Qe7 20. Bxb8 Rxb8 21. Qxb8
Qg5+ 22. Nxg5 1-0

[Event "Let's Play Chess!"]
[Site "http://www.queenalice.com/game.php?id=1770964"]
[Date "2021.10.3"]
[Round "-"]
[White "Olenka"]
[Black "charles31"]
[Result "1-0"]
[WhiteElo "2002"]
[BlackElo "1650"]

1. d4 d5 2. c4 dxc4 3. e4 e5 4. Nf3 exd4 5. Bxc4 c5 6. Ne5 Be6 7. Bxe6 fxe6 8.
Qh5+ g6 9. Nxg6 Nf6 10. Qh3 Bg7 11. Qxe6+ 1-0

[Event "Let's Play Chess!"]
[Site "http://www.queenalice.com/game.php?id=1803563"]
[Date "2023.1.9"]
[Round "-"]
[White "igor12345"]
[Black "Olenka"]
[Result "0-1"]
[WhiteElo "2178"]
[BlackElo "2004"]

1. e4 e6 2. d4 d5 3. e5 c5 4. c3 Qb6 5. Nf3 Bd7 6. Qc2 Nc6 7. Be3 Rc8 8. Qd2
cxd4 9. cxd4 Bb4 10. Nc3 Nge7 11. a3 Bxc3 12. bxc3 Na5 13. Qc2 Qb3 14. Kd2 Ba4
15. Ne1 Qxc2+ 16. Nxc2 Nb3+ 17. Ke1 Nxa1 18. Nxa1 Rxc3 19. Be2 Rxa3 20. Kd2 Ra2+
21. Kc3 Rxe2 22. Kd3 Bb5+ 23. Kc3 O-O 0-1

[Event "Let's Play Chess!"]
[Site "http://www.queenalice.com/game.php?id=1826605"]
[Date "2023.12.5"]
[Round "-"]
[White "igor12345"]
[Black "Olenka"]
[Result "0-1"]
[WhiteElo "1985"]
[BlackElo "2027"]

1. e4 e6 2. d4 d5 3. Nd2 c5 4. exd5 Qxd5 5. Ndf3 cxd4 6. Qxd4 Nf6 7. Bc4 Qxd4 8.
Nxd4 a6 9. Ngf3 Bd6 10. O-O O-O 11. c3 Re8 12. Bg5 Nbd7 13. Bb3 h6 14. Bh4 b5
15. a4 b4 16. Bg3 Bxg3 17. hxg3 bxc3 18. bxc3 Bb7 19. Rfe1 Rac8 20. Rac1 Rc7 21.
Ne5 Nxe5 22. Rxe5 Rec8 23. c4 Ne4 24. Nf3 Nc5 25. Bc2 Nd7 26. Ree1 Rxc4 27. Re2
Bxf3 28. gxf3 Nf6 29. Kf1 Nd5 30. Ke1 Nb4 31. Kd1 g6 32. Rd2 Kg7 33. f4 a5 34.
f3 h5 35. Re2 Na2 36. Ra1 Nc3+ 0-1